[Event "Las Palmas"]
[Site "Las Palmas"]
[Date "1993.??.??"]
[Round "1"]
[White "Adams, Michael"]
[Black "Khalifman, Alexander"]
[Result "0-1"]
[WhiteElo "2630"]
[BlackElo "2630"]

1.e4 c5 2.Nf3 d6 3.d4 cxd4 4.Nxd4 Nf6 5.Nc3 g6 6.Be2 Bg7 7.O-O O-O 8.Be3 Nc6
9.Kh1 d5 10.Nxc6 bxc6 11.e5 Ne4 12.Nxe4 dxe4 13.Qxd8 Rxd8 14.Rfd1 Be6 15.Bd4 f5
16.a4 Kf7 17.a5 Rxd4 18.Rxd4 Rb8 19.f4 exf3 20.Bxf3 Bxe5 21.Rd3 Rxb2 22.Re1 Bd6
23.Bxc6 Rxc2 24.Bd5 Bxd5 25.Rxd5 Ra2 26.g3 Bb4 27.Rb1 Rxa5 28.Rd7 Ke6 29.Rd8 Bd6
30.Rh8 h5 31.Rf8 Re5 32.Rb2 a5 33.Ra2 Bb4 34.Kg2 Kd5 35.Rc2 a4 36.Rg8 Re6
37.Rd8+ Bd6 38.Rd2+ Kc6 39.Ra8 a3 40.Kf3 Re4 41.Rg8 Rb4 42.Rc8+ Kb5 43.Rd5+ Kb6
44.Ra8 Rb3+ 45.Ke2 Rb2+ 46.Rd2 Bb4  0-1

[Event "Las Palmas"]
[Site "Las Palmas"]
[Date "1993.??.??"]
[Round "2"]
[White "Christiansen, Larry Mark"]
[Black "Azmaiparashvili, Zurab"]
[Result "1/2-1/2"]
[WhiteElo "2620"]
[BlackElo "2655"]

1.e4 d6 2.d4 g6 3.Nc3 Bg7 4.Be3 a6 5.Qd2 b5 6.f3 Nd7 7.Nh3 c5 8.Be2 cxd4
9.Bxd4 Ngf6 10.O-O O-O 11.Nf2 Bb7 12.Rad1 Rc8 13.a3 Qc7 14.f4 Rfe8 15.Ng4 Rcd8
16.Nxf6+ Bxf6 17.Bxf6 Nxf6 18.Qe3 Qc5 19.Qxc5 dxc5 20.e5 Nd5 21.Nxd5 Bxd5
22.Kf2 f6 23.Bg4 Kf7 24.Rfe1 f5 25.Be2 e6 26.g4 Ke7 27.Ke3 Rf8 28.Rg1 fxg4
29.Bxg4 Bc6 30.Rxd8 Rxd8 31.Rd1 Rxd1 32.Bxd1 a5 33.c3 Be8 34.Bb3 Bc6 35.Ba2 Bd5
36.Bb1 a4 37.Kf2 Kf7 38.Kg3 Kg7 39.Kg4 Bc4 40.Kg5 h6+ 41.Kg4 Kf7 42.Be4 Bd5
43.Bc2 Bc4 44.Kf3 Bd5+ 45.Kg3 Bc4 46.h4 h5 47.Kf2 Kg7 48.Ke3 Kf7 49.Kd2 Bd5
50.Bd3 Bc4 51.Be4 Bd5 52.Bc2 Ba2 53.Kc1 Bc4 54.Bd1 Bd5 55.Be2 Bc4 56.Bf3 Bd5
57.Bxd5 exd5 58.Kc2 c4 59.Kd2 Ke6 60.Ke3 Kd7 61.Kd4 Kc6 62.Ke3 Kd7  1/2-1/2

[Event "Las Palmas"]
[Site "Las Palmas"]
[Date "1993.??.??"]
[Round "2"]
[White "Khalifman, Alexander"]
[Black "Georgiev, Kiril"]
[Result "1/2-1/2"]
[WhiteElo "2630"]
[BlackElo "2660"]

1.d4 Nf6 2.Nf3 d5 3.c4 e6 4.Nc3 c6 5.Bg5 h6 6.Bxf6 Qxf6 7.Qc2 dxc4 8.g3 Qf5
9.Qxf5 exf5 10.Ne5 Be6 11.e3 Nd7 12.Nxc4 Be7 13.Be2 O-O-O 14.O-O Nf6 15.a3 g5
16.Ne5 Bd6 17.Nc4 Bc7 18.Nd2 f4 19.Bc4 Rhe8 20.Bxe6+ Rxe6 21.exf4 gxf4 22.Nf3 Ne4
23.Nxe4 Rxe4 24.Rfe1 f5 25.Kf1 Bb6 26.Rad1 Rd5 27.a4 Bd8 28.Re2 Bf6 29.b3 Kc7
30.Rde1 Rxe2 31.Kxe2 fxg3 32.hxg3 Bxd4 33.Rd1 Bf6 34.Rxd5 cxd5 35.Ne1 Kd6
36.Nd3 Bg5 37.Kf3 h5 38.Ke2 Bh6 39.Kf3 Bg5 40.Ke2 h4 41.gxh4 Bxh4 42.f3  1/2-1/2

[Event "Las Palmas"]
[Site "Las Palmas"]
[Date "1993.??.??"]
[Round "4"]
[White "Azmaiparashvili, Zurab"]
[Black "Jussupow, Artur"]
[Result "1-0"]
[WhiteElo "2655"]
[BlackElo "2645"]

1.g3 d5 2.Bg2 c6 3.d3 Nf6 4.Nd2 e5 5.e4 Bd6 6.Ngf3 O-O 7.O-O Bg4 8.h3 Bh5
9.Re1 Nbd7 10.exd5 cxd5 11.g4 Bg6 12.Nh4 Nc5 13.Nb3 Ne6 14.Nxg6 hxg6 15.c4 dxc4
16.dxc4 Rc8 17.Bxb7 Rxc4 18.Ba6 Ra4 19.Bf1 Nf4 20.Be3 N6d5 21.Nd2 Rb4 22.a3 Nxe3
23.fxe3 Rxb2 24.Ne4 Nxh3+ 25.Bxh3 Qh4 26.Qf3 f5 27.gxf5 gxf5 28.Nxd6 e4 29.Nxe4 fxe4
30.Be6+ Kh7 31.Qh3 Qxh3 32.Bxh3 Rf3 33.Bf1 Rg3+ 34.Kh1 Rb3 35.Bg2 Kh6 36.Bxe4 Rgxe3
37.Rxe3 Rxe3 38.Bc6 Rc3 39.Bb5 Kg5 40.a4 Rc7 41.Rd1 Rc8 42.Rd7 Ra8 43.Rxg7+ Kf5
44.Bc6 Rh8+ 45.Kg2 Rh6 46.Bb5 a6 47.Bd3+  1-0

[Event "Las Palmas"]
[Site "Las Palmas"]
[Date "1993.??.??"]
[Round "4"]
[White "Anand, Viswanathan"]
[Black "Khalifman, Alexander"]
[Result "1-0"]
[WhiteElo "2710"]
[BlackElo "2630"]

1.e4 d6 2.d4 g6 3.Nc3 Bg7 4.Be3 a6 5.Qd2 b5 6.a4 b4 7.Nd1 a5 8.c3 bxc3 9.bxc3 Nf6
10.f3 c6 11.Bh6 O-O 12.h4 e5 13.h5 Re8 14.hxg6 fxg6 15.Bxg7 Kxg7 16.Nf2 Ra7
17.Rb1 Be6 18.dxe5 dxe5 19.Qh6+ Kg8 20.Ngh3 Qe7 21.Ng5 Ba2 22.Rb2 Qa3 23.Rxa2 Qxa2
24.Nxh7 Nxh7 25.Qxg6+ Kf8 26.Rxh7 Rxh7 27.Qxh7 Qg8 28.Qh4 Nd7 29.Ng4 Qb3
30.Qh6+ Ke7 31.Qxc6 Qb1+ 32.Kf2 Qb2+ 33.Be2 Rb8 34.Nxe5  1-0

[Event "Las Palmas"]
[Site "Las Palmas"]
[Date "1993.??.??"]
[Round "5"]
[White "Georgiev, Kiril"]
[Black "Christiansen, Larry Mark"]
[Result "1/2-1/2"]
[WhiteElo "2660"]
[BlackElo "2620"]

1.d4 Nf6 2.c4 e6 3.Nf3 b6 4.g3 Bb4+ 5.Bd2 Bxd2+ 6.Qxd2 Ba6 7.b3 d5 8.cxd5 exd5
9.Nc3 O-O 10.Bg2 Ne4 11.Nxe4 dxe4 12.Ng5 Nc6 13.Bxe4 Nxd4 14.Bxh7+ Kh8 15.Bd3 Bxd3
16.Qxd3 Qxg5 17.Qxd4 Rae8 18.e3 Qb5 19.Qc4 Qxc4 20.bxc4 Re5 21.O-O-O Rf5
22.Rhf1 Re8 23.Kc2 c6 24.h4 g6 25.g4 Rf3 26.Kd3 Kg7 27.Ke2 Rf4 28.c5 Rxg4
29.Rd6 bxc5 30.Rxc6 Rxh4 31.Rxc5 Ra4 32.Rc2 Re6 33.Rd1 Rea6 34.Rdd2 g5 35.Kf3 Kg6
36.Kg3 f6 37.Rb2  1/2-1/2

[Event "Las Palmas"]
[Site "Las Palmas"]
[Date "1993.??.??"]
[Round "5"]
[White "Khalifman, Alexander"]
[Black "Topalov, Veselin"]
[Result "1-0"]
[WhiteElo "2630"]
[BlackElo "2635"]

1.d4 f5 2.Nc3 d5 3.Bf4 Nf6 4.e3 c6 5.Nf3 g6 6.Bd3 Bg7 7.O-O O-O 8.Ne2 Ne4
9.c4 Kh8 10.Be5 e6 11.b4 Nd6 12.Bxg7+ Kxg7 13.Qb3 Nd7 14.a4 Qf6 15.cxd5 exd5
16.b5 Ne4 17.Rac1 Qd6 18.Qc2 Rf6 19.Rfd1 a6 20.Nf4 h6 21.Qb2 Kh7 22.Ne5 Nec5
23.Rxc5  1-0

[Event "Las Palmas"]
[Site "Las Palmas"]
[Date "1993.??.??"]
[Round "7"]
[White "Khalifman, Alexander"]
[Black "Christiansen, Larry Mark"]
[Result "0-1"]
[WhiteElo "2630"]
[BlackElo "2620"]

1.d4 Nf6 2.Nf3 e6 3.c4 Bb4+ 4.Bd2 c5 5.Bxb4 cxb4 6.g3 O-O 7.Bg2 d6 8.Nbd2 Nc6
9.Nf1 Bd7 10.Ne3 Ne7 11.O-O a5 12.Qd3 Rc8 13.a3 Qb6 14.axb4 Qxb4 15.Qd2 Qxd2
16.Nxd2 a4 17.Nb1 Nf5 18.Nxf5 exf5 19.Na3 Ne4 20.Rfd1 d5 21.c5 b6 22.f3 Nf6
23.Rac1 Rc6 24.Rc2 Rb8 25.e3 g5 26.Bf1 Re6 27.Kf2 bxc5 28.dxc5 Bc6 29.Rdd2 g4
30.Be2 Rb3 31.Rc3 Rb4 32.Rcc2 h5 33.Nb1 Kg7 34.Nc3 Re7 35.Na2 Rb3 36.Rc3 d4
37.exd4 gxf3 38.Bxf3 Bxf3 39.Kxf3 Ne4 40.Rc2 Nxc3 41.bxc3 Re4 42.Nc1 Rb8
43.c6 a3 44.Nd3 Rb3 45.Kf2 a2 46.Rxa2 Rxc3 47.Nf4 Rxc6 48.Nxh5+ Kh7 49.Nf4 Rxd4
50.Ra5 Rc2+ 51.Kf3 Rxh2 52.Rxf5 Kg7 53.g4 Ra4 54.g5 Rh1 55.Kg2 Rb1 56.Kf3 Rg1
57.Kf2 Raa1 58.Kf3 Ra3+ 59.Kf2 Rb1 60.Re5 Rb2+  0-1

[Event "Las Palmas"]
[Site "Las Palmas"]
[Date "1993.??.??"]
[Round "8"]
[White "Anand, Viswanathan"]
[Black "Morovic Fernandez, Ivan"]
[Result "1/2-1/2"]
[WhiteElo "2710"]
[BlackElo "2570"]

1.e4 c5 2.Nf3 Nc6 3.d4 cxd4 4.Nxd4 Nf6 5.Nc3 e5 6.Ndb5 d6 7.Bg5 a6 8.Na3 Be6
9.Nc4 Rc8 10.Bxf6 gxf6 11.Bd3 Ne7 12.Ne3 Bh6 13.O-O Bxe3 14.fxe3 Qb6 15.Qc1 Ng8
16.Kh1 Qc5 17.Qd2 h5 18.Rad1 h4 19.h3 Kf8 20.Qe2 Rh6 21.Nd5 Bxd5 22.exd5 Ne7
23.c4 e4 24.Bxe4 Qxc4 25.Qf3 Re8 26.Rd4 Qc5 27.b4 Qc7 28.Bd3 Ng8 29.Rc4 Qb6
30.Re1 Re5 31.Rc8+ Kg7 32.Bf5 Rxf5  1/2-1/2

[Event "Las Palmas"]
[Site "Las Palmas"]
[Date "1993.??.??"]
[Round "8"]
[White "Christiansen, Larry Mark"]
[Black "Topalov, Veselin"]
[Result "1/2-1/2"]
[WhiteElo "2620"]
[BlackElo "2635"]

1.Nf3 d5 2.d4 c6 3.c4 e6 4.g3 Nf6 5.Bg2 Nbd7 6.Nbd2 b6 7.O-O Bb7 8.Qc2 c5
9.cxd5 Nxd5 10.Qa4 a6 11.Ne4 b5 12.Qd1 Be7 13.Bg5 f6 14.dxc5 Nxc5 15.Nxc5 Bxc5
16.Rc1 Rc8 17.Bd2 O-O 18.Qb3 f5 19.Ne5 Qe7 20.Nd3 Bd6 21.e4 fxe4 22.Bxe4 Nc3
23.Bxh7+ Kxh7 24.Rxc3 e5 25.Rxc8 Rxc8 26.Rc1 Rf8 27.Be3 Ba8 28.Ne1 Kh8 29.Qd3 Bb4
30.Ng2 Qb7 31.Qf1 Rd8 32.Bg5 Bd2 33.Bxd8 Bxc1 34.b3 Bd2 35.h4 Qd7 36.Bg5 Bxg5
37.hxg5 Qh3 38.f4 Qxg3 39.fxe5 Be4 40.Qe2 Qxe5 41.Qg4  1/2-1/2

[Event "Las Palmas"]
[Site "Las Palmas"]
[Date "1993.??.??"]
[Round "9"]
[White "Topalov, Veselin"]
[Black "Azmaiparashvili, Zurab"]
[Result "1/2-1/2"]
[WhiteElo "2635"]
[BlackElo "2655"]

1.d4 d5 2.c4 e6 3.Nf3 Nf6 4.Nc3 Be7 5.Bg5 h6 6.Bh4 O-O 7.e3 b6 8.Bd3 Bb7
9.O-O Nbd7 10.Qe2 c5 11.Rfd1 Ne4 12.Bxe7  1/2-1/2